000 00311nam a22001337a 4500
008 170228b xxu||||| |||| 00| 0 eng d
020 _a9780397512645
041 _aeng
080 _24TH
_a616.8-006
100 _a6
101 _aSHM
245 _aMANUAL FOR STAGING OF CANCER
_cANDERSON, W.A.D
942 _2udc
_cBK
999 _c6413
_d6413